000 00284nam a22001337a 4500
008 170714b xxu||||| |||| 00| 0 eng d
020 _at
041 _aeng
080 _a030
100 _a24
101 _aFJA
245 _aA DICTIONARY BATTLE
_cEGGENBERGER.D
942 _2udc
_cBK
999 _c20839
_d20839